000 00803cam a22002414a 4500
001 12654306
005 20180130050316.0
008 020124s2002 nyua b 001 0 eng
010 _a 2002001129
020 _a0071401946 (alk. paper)
040 _aDLC
_cDLC
_dDLC
041 _aeng
042 _apcc
080 _a153.6 PAT
082 0 0 _a153.6 PAT
_221
100 _a58
101 _aBIZ
245 0 0 _aCrucial conversations :
_cKerry Patterson ... [et al.].
504 _aIncludes bibliographical references (p. 229) and index.
906 _a7
_bcbc
_corignew
_d1
_eecip
_f20
_gy-gencatlg
942 _2ddc
_cBK
999 _c41259
_d41259